Indulgencias auténticas y su calendario

Guardat en:
Dades bibliogràfiques
Autor principal: López de Rego, Santiago (autor)
Format: Llibre
Idioma:espanyol
Publicat: Toledo Francisco Salido 1905
Edició:1a. ed
Matèries:
Etiquetes: Afegir etiqueta
Sense etiquetes, Sigues el primer a etiquetar aquest registre!

MARC

LEADER 00000cam a2200000 a 4500
001 UCD3268
003 CL-VaPUC
008 160603e19050000sp |||||||||||||||||spa|d
082 0 4 |a 265.66  |b LOP  |2 21 
100 |a López de Rego, Santiago  |e autor  |9 586671 
245 1 0 |a Indulgencias auténticas y su calendario 
250 |a 1a. ed 
300 |a t 
942 |c BK 
945 |d 20160603 11:42:00  |a dcastane 
260 |a Toledo  |b Francisco Salido  |c 1905 
650 7 |a INDULGENCIAS  |2 CL-VaPUC  |9 259278 
650 7 |a DERECHO CANONICO  |2 CL-VaPUC  |9 586672 
583 |a last modification  |c 20160603 11:42:00  |k Rodrigo Vera 
999 |c 364304  |d 364302 
952 |0 0  |1 0  |3 erd  |4 0  |6 265_660000000000000_LOP_1905  |7 0  |8 X  |9 477327  |a BIBTEO  |b BIBTEO  |c TEO_FFR  |h t.1  |i 5232619  |o 265.66 LOP 1905  |p 5232619  |r 2024-01-18  |w 2019-11-24  |y BK_X  |z Catalogado en:20160603  |k OFM 
952 |0 0  |1 0  |3 erd  |4 0  |6 265_660000000000000_LOP_1905  |7 0  |8 X  |9 477328  |a BIBTEO  |b BIBTEO  |c TEO_FFR  |h t.2  |i 5232627  |o 265.66 LOP 1905  |p 5232627  |r 2024-01-18  |w 2019-11-24  |y BK_X  |z Catalogado en:20160603  |k OFM